| 000 | 00977nam a22002771i 4500 | ||
|---|---|---|---|
| 001 | 186318 | ||
| 003 | SpMaBN | ||
| 005 | 20250814231807.0 | ||
| 008 | 161024s1973 sp |||| |dspa d | ||
| 020 | _a84-297-0928-2 | ||
| 080 | _a165.721 | ||
| 080 | _a111.3 | ||
| 080 | _a321.01 | ||
| 100 | 1 |
_aNietzsche, Friedrich, _d1844-1900 _985718 |
|
| 245 | 1 | 0 |
_aEn torno a la voluntad de poder / _cFriedrich Nietzsche ; [traducción y nota introductoria de Manuel Carbonell]. |
| 260 |
_aBarcelona : _bPenínsula : _bEdicions 62, _c1973. |
||
| 300 |
_a258 p. ; _c19 cm. |
||
| 490 | 1 |
_aEdiciones de Bolsillo ; _v330. _aCiencias Sociales. Filosofía |
|
| 650 | 0 | 4 |
_aNihilismo (Filosofía) _915540 |
| 650 |
_aOntología. _915705 |
||
| 650 | 0 | 4 |
_aPoder. _916144 |
| 700 | 1 |
_aCarbonell, Manuel. _935050 |
|
| 830 | 0 | 0 |
_aEdiciones de Bolsillo. _pCiencias sociales _v330. _9183539 |
| 852 |
_aES-MaACL _jL-30675 _z. - Donat. Miguel A. Velasco |
||
| 999 |
_c186318 _d186318 |
||